000 01036cam a22002415a 4500
001 15496070
005 20171119125749.0
008 081023s2009 enka frb 001 0 eng d
020 _a0415777402 (pbk)
020 _a9780415777407 (pbk)
040 _aDLC
_cDLC
_dBTCTA
_dYDXCP
_dBWKUK
_dBWK
_dBWX
_dCDX
_dDLC
_dEG-ScBUE
_beng
082 0 4 _a338.5
_222
_bREA
245 0 0 _aReadings in Applied Microeconomics :
_bthe Power of the Market /
_cedited by Craig M. Newmark.
260 _aLondon ;
_aNew York :
_bRoutledge,
_c2009.
300 _axviii, 439 p. :
_bill. ;
_c26 cm.
504 _aIncludes bibliographical references and index.
505 0 _aInformation and incentives -- Creating value -- Property rights -- Externalities and coordination problems -- Non-excludable goods -- Asymmetric information -- Monopoly and collusion -- Abuse of firm power.
650 7 _aMicroeconomics.
_95599
_2BUEsh
653 _bBUSECO
_cMarch2012
_cNovember2017
655 _vText book
_933728
700 1 _aNewmark, Craig,
_929221
_eeditor.
942 _2ddc
_cBB
999 _c16545
_d16545